[Event "46th GRE-chT Premier 2018"]
[Site "Rio Achaia"]
[Date "2018.07.12"]
[Round "4"]
[White "Sandalakis, Angelos"]
[Black "Drakopoulos, Polihronis"]
[Result "1-0"]
[WhiteElo "2448"]
[BlackElo "2105"]
[Annotator "NA"]
[PlyCount "93"]
[EventDate "2018.07.10"]
[EventType "team-tourn"]
[EventCountry "GRE"]
[SourceTitle "playchess.com"]
[Source "ChessBase"]
[SourceQuality "1"]
[TimeControl "40/5400+30:1800+30"]

1. Nf3 {[%emt 0:00:00]} Nf6 {[%emt 0:05:21]} 2. c4 {[%emt 0:00:00]} e6 {[%emt 0:00:49]} 3. g3 {[%emt 0:00:00]} a6 {[%emt 0:00:06]} 4. b3 {[%emt 0:00:07]} b5 {[%emt 0:01:31]} 5. Nc3 {[%emt 0:00:45]} b4 {[%emt 0:05:26]} 6. Na4 {[%emt 0:00:07]} c5 {[%emt 0:02:33]} 7. Bg2 {[%emt 0:08:24]} Bb7 {[%emt 0:02:06]} 8. O-O {[%emt 0:00:14]} Be7 {[%emt 0:00:55]} 9. d4 {[%emt 0:01:56]} cxd4 {[%emt 0:10:50]} 10. Qxd4 {[%emt 0:02:25]} O-O {[%emt 0:12:45]} 11. Bb2 {[%emt 0:01:52]} Nc6 {[%emt 0:05:07]} 12. Qd3 {[%emt 0:13:06]} d6 {[%emt 0:10:32]} 13. Rad1 {[%emt 0:07:17]} Nd7 {[%emt 0:04:23]} 14. Qe3 {[%emt 0:02:30]} Qc7 {[%emt 0:01:18]} 15. Rd2 {[%emt 0:01:29]} Rfd8 {[%emt 0:04:57]} 16. Rfd1 {[%emt 0:00:29]} h6 {[%emt 0:00:52]} 17. h4 {[%emt 0:10:51]} a5 {[%emt 0:02:46]} 18. Bh3 {[%emt 0:06:54]} Nf6 {[%emt 0:08:50]} 19. Rd3 {[%emt 0:03:22]} Rab8 {[%emt 0:02:42]} 20. Bg2 {[%emt 0:05:50]} Nd7 {[%emt 0:08:50]} 21. Nd4 {[%emt 0:10:25]} Nxd4 {[%emt 0:00:33]} 22. Qxd4 {[%emt 0:01:22]} e5 {[%emt 0:03:12]} 23. Qa7 {[%emt 0:04:01]} Rdc8 {[%emt 0:00:10]} 24. Bxb7 {[%emt 0:00:21]} Rxb7 {[%emt 0:00:35]} 25. Qe3 {[%emt 0:00:06]} f5 {[%emt 0:01:24]} 26. R3d2 {[%emt 0:01:20]} Rbb8 {[%emt 0:01:28]} 27. Qf3 {[%emt 0:02:28]} Rf8 {[%emt 0:01:42]} 28. c5 {[%emt 0:01:47]} Nxc5 {[%emt 0:00:54]} 29. Qd5+ {[%emt 0:00:21]} Kh7 {[%emt 0:01:10]} 30. Nxc5 {[%emt 0:00:52]} Qxc5 {[%emt 0:00:03]} 31. Qxc5 {[%emt 0:00:09]} dxc5 {[%emt 0:00:01]} 32. Bxe5 {[%emt 0:00:08]} Rbd8 {[%emt 0:00:41]} 33. Rd7 {[%emt 0:02:43]} Kg8 {[%emt 0:00:11]} 34. Bxg7 {[%emt 0:01:16]} Kxg7 {[%emt 0:00:41]} 35. Rxe7+ {[%emt 0:00:12]} Kf6 {[%emt 0:00:07]} 36. Rxd8 {[%emt 0:01:13]} Rxd8 {[%emt 0:00:05]} 37. Ra7 {[%emt 0:00:05]} Rd2 {[%emt 0:01:43]} 38. Rxa5 {[%emt 0:00:20]} Rc2 {[%emt 0:01:05]} 39. Kg2 {[%emt 0:00:36]} Ke5 {[%emt 0:00:19]} 40. Kf3 {[%emt 0:00:00]} h5 {[%emt 0:00:00]} 41. Ke3 {[%emt 0:01:01]} Rc3+ {[%emt 0:01:16]} 42. Kd2 {[%emt 0:00:25]} f4 {[%emt 0:00:41]} 43. Ra8 {[%emt 0:03:44]} fxg3 {[%emt 0:02:30]} 44. fxg3 {[%emt 0:00:07]} Rxg3 {[%emt 0:01:04]} 45. Rh8 {[%emt 0:00:06]} Kd4 {[%emt 0:00:21]} 46. Rxh5 {[%emt 0:00:28]} c4 {[%emt 0:00:16]} 47. Rb5 {[%emt 0:00:45]} 1-0

[Event "46th GRE-chT Premier 2018"]
[Site "Rio Achaia"]
[Date "2018.07.12"]
[Round "4"]
[White "Barski, Radoslaw"]
[Black "Nikolaidis, Konstantinos"]
[Result "1-0"]
[WhiteElo "2431"]
[BlackElo "2182"]
[Annotator "TA"]
[PlyCount "53"]
[EventDate "2018.07.10"]
[EventType "team-tourn"]
[EventCountry "GRE"]
[SourceTitle "playchess.com"]
[Source "ChessBase"]
[SourceQuality "1"]

{[%evp 22,53,0,-10,18,0,0,7,17,-20,0,-6,-12,-17,-10,-7,-10,0,-11,-4,0,-3,-9,-5,-9,0,55,52,135,0,135,125,137,61]} 1. e4 e5 2. Bc4 Nf6 3. d3 Nc6 4. Nf3 Bc5 5. O-O O-O 6. c3 d6 {[%cal Bd7d6,Bd6d5,Bd5d4][%mdl 32]} 7. Bb3 h6 8. Re1 a6 {C54: Italienische Partie (Hauptvariante)} 9. h3 Re8 10. Nbd2 Be6 11. Nf1 (11. Bc2 d5 12. exd5 Qxd5 13. b4 Bf8 14. a4 b5 {½-½ (60) Aronian,L (2764)-Karjakin,S (2782) Paris 2018}) 11... d5 12. Qe2 {LiveBook: 19 Partien} d4 13. Ng3 $146 ({Vorgänger:} 13. Bxe6 Rxe6 14. Ng3 dxc3 15. bxc3 Qd7 16. Be3 Bxe3 17. fxe3 {½-½ (46) Hansen,T (2448)-Porras Mateo,F (2243) Barcelona 2014}) 13... Qd7 14. Bxe6 Rxe6 15. b4 Bb6 16. Bd2 dxc3 17. Bxc3 Rd8 18. Red1 Nh7 19. Nf5 Ng5 20. Nxg5 hxg5 21. Qg4 f6 22. h4 g6 23. Nh6+ Kh7 (23... Kg7 $11 24. hxg5 fxg5 25. Qxg5 Rh8 26. Nf5+ Kf7) 24. hxg5 $14 Rd6 (24... fxg5 $14 25. Qh3 (25. Qxg5 Qe7 $16) 25... Kg7) 25. gxf6 (25. Qxd7+ $16 R6xd7 26. Ng4 Rxd3 27. Nxf6+ Kg7 28. Nd5 Rxd1+ 29. Rxd1) 25... Bxf2+ (25... Rxf6 $11 {bleibt in der Remisbreite.} 26. Qxd7+ Rxd7) 26. Kxf2 $16 Rxf6+ {[#]} 27. Nf5 {Precision: Weiß = 54%, Schwarz = 41%.} ({Günstiger ist} 27. Kg3 $1 $16 Kxh6 28. Bd2+ Kg7 29. Bg5) 1-0

[Event "46th GRE-chT Premier 2018"]
[Site "Rio Achaia"]
[Date "2018.07.12"]
[Round "4"]
[White "Morozov, Nichita"]
[Black "Giannoulakis, Lampros"]
[Result "0-1"]
[WhiteElo "2429"]
[BlackElo "2287"]
[Annotator "TA"]
[PlyCount "68"]
[EventDate "2018.07.10"]
[EventType "team-tourn"]
[EventCountry "GRE"]
[SourceTitle "playchess.com"]
[Source "ChessBase"]
[SourceQuality "1"]

{[%evp 27,67,56,83,62,110,95,113,97,102,91,202,136,124,94,98,91,106,112,176,162,190,82,77,92,210,76,106,0,97,0,-2,-30,-39,-1155,-1147,-29991,-29992,-29992,-29993,-29998,-29999,-29999]} 1. d4 {Postny,E} Nf6 2. c4 g6 3. Nc3 Bg7 4. e4 d6 5. h3 O-O 6. Be3 e5 7. d5 Na6 8. g4 c6 9. Nf3 Nc5 10. Nd2 a5 11. Be2 Bd7 12. g5 {E92: Königsindisch (Klassisches System)} (12. h4 cxd5 13. cxd5 Rc8 14. g5 Nh5 15. Bxc5 Rxc5 16. Bxh5 gxh5 17. Qxh5 b5 18. a4 bxa4 19. Qd1 Qc7 20. Nxa4 {0-1 (45) Grischuk,A (2751)-Naiditsch,A (2686) Novi Sad 2016 CBM 176 [Szabo,Kr]}) 12... Ne8 13. h4 {[%cal Bh3h4,Bh4h5][%mdl 32]} f5 14. h5 Rf7 {[#] LiveBook: 3 Partien} 15. Qc2 $146 ({Vorgänger:} 15. Nf3 fxe4 16. Nh4 Bf5 17. hxg6 hxg6 18. Nxf5 gxf5 19. Bh5 Nd3+ {1-0 (43) Postny,E (2619)-Pinal,N (2320) Baku 2016 CBM 175 [Postny,E]}) 15... Rc8 16. O-O-O cxd5 17. Nxd5 Be6 18. Nc3 b5 (18... Rd7 $16) 19. Nxb5 Rb7 20. Nc3 Na6 21. f3 Nb4 22. Qa4 Bd7 (22... fxe4 $16 {war einen Versuch wert.} 23. fxe4 (23. Ncxe4 Nd5 $11) 23... Nc6) 23. Qa3 $18 d5 24. Nxd5 (24. exd5 $18 Bf8 25. hxg6 Nd3+ 26. Bxd3 Bxa3 27. gxh7+ (27. bxa3 hxg6 28. Rh6 a4 $16) 27... Kh8 28. bxa3) 24... Nxd5 $16 25. exd5 {zielt auf c5 ab.} f4 (25... Rb4 $16 {ist eine bessere Verteidigung.}) 26. Bc5 (26. Bf2 $18 {und Weiss behält klar die Oberhand.}) 26... e4 {[#]} 27. b3 (27. hxg6 $1 $16 hxg6 28. b3 (28. Nxe4 Bxb2+ 29. Qxb2 Rxb2 $16)) 27... a4 (27... Rb4 $1 $11 28. h6 (28. Bxb4 axb4 29. Qxb4 Qxg5 $18) (28. Nxe4 Rxc5 29. Nxc5 Qe7 $14) 28... exf3 29. Bxf3 (29. Nxf3 Rxc5 30. hxg7 Bg4 $18) 29... Bc3) 28. b4 (28. fxe4 axb3 29. Be7 (29. Nxb3 Ra8 $17) 29... bxa2 $11) ({Lieber} 28. hxg6 $16 hxg6 29. b4 (29. fxe4 axb3 30. Be7 Qb6 $17) 29... Rxc5 30. bxc5) 28... Rxc5 $11 29. bxc5 Qb8 {Droht ...Lb2+ und aus.} 30. Nb3 $2 {[%mdl 8192]} (30. c6 $15 Bb2+ 31. Qxb2 Rxb2 32. cxd7 Rxa2 33. dxe8=R+ (33. dxe8=Q+ Qxe8 34. Kb1 Ra3 $11) 33... Qxe8 34. Kb1 (34. Nxe4 {ist ein Selbstmatt.} Qb8 35. Nf6+ Kh8 36. Rdg1 Qb2+ 37. Kd1 Qd2#)) 30... axb3 $19 31. c6 Qe5 {Schwarz setzt Matt.} 32. Rd4 Qxd4 33. cxb7 Qa1+ 34. Kd2 Bc3# {Precision: Weiß = 33%, Schwarz = 47%.} 0-1

[Event "46th GRE-chT Premier 2018"]
[Site "Rio Achaia"]
[Date "2018.07.12"]
[Round "4"]
[White "Zysk, Robert"]
[Black "Firman, Nazar"]
[Result "0-1"]
[WhiteElo "2421"]
[BlackElo "2512"]
[Annotator "TA"]
[PlyCount "42"]
[EventDate "2018.07.10"]
[EventType "team-tourn"]
[EventCountry "GRE"]
[SourceTitle "playchess.com"]
[Source "ChessBase"]
[SourceQuality "1"]

{[%evp 21,42,41,33,40,58,29,27,0,10,-118,-120,-91,-121,-428,-437,-437,-438,-433,-431,-504,-516,-504,-497]} 1. Nf3 c5 2. c4 Nc6 3. Nc3 g6 4. g3 Bg7 5. Bg2 e5 6. d3 Nge7 7. a3 O-O 8. O-O a6 {A37: Englische Eröffnung (Symmetrische Variante)} (8... d6 9. Rb1 a5 10. Bd2 Rb8 11. Qa4 Be6 12. Nb5 d5 13. cxd5 Bxd5 14. Nc3 Be6 15. Ng5 Bf5 16. Nge4 b6 17. Nxc5 bxc5 18. Bxc6 Nxc6 19. Qxc6 {½-½ (31) Gledura,B (2612)-Vachier Lagrave,M (2793) Caleta 2018}) 9. Rb1 Rb8 10. b4 cxb4 11. axb4 b5 {LiveBook: 8 Partien} 12. c5 f5 13. Ng5 {Droht Db3+ und aus.} Kh8 14. Qb3 {Sf7+ ist eine echte Drohung.} d5 15. Nxd5 $146 {[#]} (15. cxd6 $11 Qxd6 16. Bxc6 Nxc6 17. Be3) ({Vorgänger:} 15. f4 Nd4 16. Qa3 {0-1 (25) Dannevig,O (2355)-Barkhagen,J (2415) Oslo 1999}) 15... Nd4 $1 $17 {[%csl LRb3,LRe2][%cal Rd4b3,Bc6d4,Bd4e2,Be2c3][%mdl 32]} 16. Qa2 {Und Te1 würde nun gewinnen.} Nxd5 17. Qxd5 $4 {[%mdl 8192]} (17. Bxd5 $17 {war die entscheidende Verteidigung.} Nxe2+ 18. Qxe2 Qxd5 19. Qf3) 17... Nxe2+ $19 {Schwarz steht klar auf Gewinn.} 18. Kh1 Qxd5 19. Bxd5 {zielt auf Lb2 ab.} Nc3 $1 {[%csl LRb1,LRd5]} 20. Nf7+ {[#]} Rxf7 $1 {[%mdl 512]} 21. Bxf7 Bb7+ {Precision: Weiß = 15%, Schwarz = 100%.} 0-1

[Event "46th GRE-chT Premier 2018"]
[Site "Rio Achaia"]
[Date "2018.07.12"]
[Round "4"]
[White "Souleidis, Georgios"]
[Black "Kourousis, Epaminondas"]
[Result "1-0"]
[WhiteElo "2415"]
[BlackElo "2399"]
[Annotator "TA"]
[PlyCount "77"]
[EventDate "2018.07.10"]
[EventType "team-tourn"]
[EventCountry "GRE"]
[SourceTitle "playchess.com"]
[Source "ChessBase"]
[SourceQuality "1"]

{[%evp 14,77,37,43,53,54,56,22,33,17,17,22,27,21,29,29,32,27,29,11,28,31,118,10,44,37,58,50,52,45,48,46,86,66,67,79,95,54,254,232,496,531,453,335,316,295,527,534,491,405,435,268,388,397,321,356,312,275,12834,12835,12833,12833,12841,12841,29998,29999]} 1. e4 c6 2. d4 d5 3. e5 Bf5 4. h4 h6 5. g4 Bd7 6. Nc3 {B12: Caro-Kann: Advance Variation} (6. Be3 Qb6 7. Nd2 e6 8. Nb3 Na6 9. h5 c5 10. dxc5 Nxc5 11. Nf3 Qc7 12. c3 b6 13. Nbd4 a6 {½-½ (56) Nepomniachtchi,I (2767)-Dreev,A (2652) Doha 2016}) 6... c5 7. dxc5 e6 8. Be3 {LiveBook: 8 Games. White is slightly better.} Qc8 $146 ({Predecessor:} 8... Qc7 9. Qd2 Bxc5 10. O-O-O Bxe3 11. Qxe3 h5 12. Qg5 g6 13. f4 Qd8 {1-0 (43) Perez Candelario,M (2562)-Forcen Esteban,D (2549) La Roda 2016}) 9. Qd2 Bxc5 10. Bxc5 Qxc5 11. O-O-O Ne7 12. h5 b5 {[%cal Bb7b5,Bb5b4][%mdl 32]} 13. f4 b4 14. Nce2 Nbc6 15. Nf3 a5 16. Kb1 Qf2 17. Rh3 O-O ({Better is} 17... a4 $14) 18. Qd3 (18. g5 $16) 18... Bc8 19. Rh2 Qc5 20. Ned4 Ba6 21. Qd2 Bxf1 22. Rxf1 Nxd4 23. Nxd4 Nc6 24. Nxc6 Qxc6 25. g5 Kh8 $2 (25... hxg5 $14 26. Rg1 Qc4) 26. gxh6 $18 gxh6 $2 (26... Rg8 {was called for.} 27. hxg7+ Rxg7) 27. f5 exf5 28. Rxf5 Rg8 {[#] Threatens to win with ...Rg1+.} 29. Rh1 $1 {And now Rf6 would win.} Rg7 $2 (29... d4 {keeps fighting.} 30. Rc1 Rg7) 30. Rf6 Qc5 31. Rhf1 Kg8 32. Rxh6 Re8 {[#]} (32... a4 $142 33. e6 fxe6 34. Rxe6 b3 35. axb3 (35. cxb3 axb3 36. axb3 Qb5 $16) 35... axb3 36. cxb3 Qb5) 33. Rhf6 $1 Rxe5 34. h6 Rg1 35. Rxf7 {Black must now prevent h7+.} Reg5 $2 (35... Kh8 36. Qd1 Reg5 37. Rf8+ Kh7 38. Qd3+ Rg6 39. Rxg1 Qxg1+ 40. Rf1 Qg2) 36. Qe1 {Qe8+ would kill now.} Rxf1 37. Rxf1 {Intending Qe8+ and mate.} Kh7 38. Rf7+ Kxh6 39. Qh4+ {Precision: White = 64%, Black = 30%.} 1-0

[Event "46th GRE-chT Premier 2018"]
[Site "Rio Achaia"]
[Date "2018.07.12"]
[Round "4"]
[White "Zimina, Olga"]
[Black "Antova, Gabriela"]
[Result "1/2-1/2"]
[WhiteElo "2411"]
[BlackElo "2301"]
[Annotator "NA"]
[PlyCount "120"]
[EventDate "2018.07.10"]
[EventType "team-tourn"]
[EventCountry "GRE"]
[SourceTitle "playchess.com"]
[Source "ChessBase"]
[SourceQuality "1"]
[TimeControl "40/5400+30:1800+30"]

1. Nf3 {[%emt 0:00:00]} d5 {[%emt 0:00:00]} 2. c4 {[%emt 0:00:09]} e6 {[%emt 0:00:00]} 3. g3 {[%emt 0:00:07]} Nf6 {[%emt 0:00:00]} 4. Bg2 {[%emt 0:00:04]} Be7 {[%emt 0:00:10]} 5. O-O {[%emt 0:00:06]} O-O {[%emt 0:00:11]} 6. d4 {[%emt 0:00:09]} dxc4 {[%emt 0:00:23]} 7. Qc2 {[%emt 0:00:04]} b5 {[%emt 0:00:35]} 8. a4 {[%emt 0:02:24]} b4 {[%emt 0:00:13]} 9. Qxc4 {[%emt 0:14:02]} Ba6 {[%emt 0:00:38]} 10. Qc2 {[%emt 0:00:04]} Nbd7 {[%emt 0:00:24]} 11. Ne5 {[%emt 0:07:08]} Nxe5 {[%emt 0:00:49]} 12. dxe5 {[%emt 0:11:23]} Nd5 {[%emt 0:00:32]} 13. Rd1 {[%emt 0:00:09]} Qc8 {[%emt 0:00:10]} 14. Be4 {[%emt 0:19:29]} h6 {[%emt 0:00:25]} 15. Bd3 {[%emt 0:01:26]} Bxd3 {[%emt 0:17:34]} 16. Rxd3 {[%emt 0:03:37]} c5 {[%emt 0:06:42]} 17. b3 {[%emt 0:00:33]} Rd8 {[%emt 0:10:44]} 18. Bb2 {[%emt 0:00:32]} Qc6 {[%emt 0:01:39]} 19. Nd2 {[%emt 0:01:05]} h5 {[%emt 0:03:25]} 20. Nc4 {[%emt 0:03:42]} Nb6 {[%emt 0:06:41]} 21. Rad1 {[%emt 0:02:37]} Rxd3 {[%emt 0:02:00]} 22. Rxd3 {[%emt 0:00:22]} Rd8 {[%emt 0:02:52]} 23. h4 {[%emt 0:06:49]} Rxd3 {[%emt 0:12:49]} 24. exd3 {[%emt 0:03:21]} Nd7 {[%emt 0:04:22]} 25. Qe2 {[%emt 0:00:23]} g6 {[%emt 0:00:42]} 26. Nd2 {[%emt 0:03:15]} Qd5 {[%emt 0:09:00]} 27. Qe4 {[%emt 0:00:13]} Kf8 {[%emt 0:01:42]} 28. Kg2 {[%emt 0:00:40]} Nb8 {[%emt 0:01:44]} 29. Kf3 {[%emt 0:02:28]} Nc6 {[%emt 0:02:44]} 30. Nc4 {[%emt 0:00:03]} Bd8 {[%emt 0:05:19]} 31. Ke3 {[%emt 0:07:14]} Na5 {[%emt 0:05:19]} 32. Nxa5 {[%emt 0:05:42]} Bxa5 {[%emt 0:00:01]} 33. Qc4 {[%emt 0:00:09]} Qxc4 {[%emt 0:01:18]} 34. dxc4 {[%emt 0:00:07]} Bd8 {[%emt 0:01:54]} 35. Ke4 {[%emt 0:00:13]} Be7 {[%emt 0:01:07]} 36. Bc1 {[%emt 0:00:05]} Kg7 {[%emt 0:00:55]} 37. Be3 {[%emt 0:00:08]} a6 {[%emt 0:01:27]} 38. f3 {[%emt 0:00:06]} Kh7 {[%emt 0:01:18]} 39. Bf2 {[%emt 0:01:00]} Kg7 {[%emt 0:00:24]} 40. Kf4 {[%emt 0:00:00]} Kh7 {[%emt 0:00:00]} 41. g4 {[%emt 0:07:56]} Kg7 {[%emt 0:16:08]} 42. Kg3 {[%emt 0:01:20]} Kh7 {[%emt 0:02:45]} 43. Be3 {[%emt 0:01:46]} Kg7 {[%emt 0:08:15]} 44. Bg1 {[%emt 0:10:11]} Kh7 {[%emt 0:00:31]} 45. Bf2 {[%emt 0:00:56]} Kh6 {[%emt 0:00:21]} 46. Be3+ {[%emt 0:03:45]} Kg7 {[%emt 0:00:01]} 47. Bd2 {[%emt 0:02:04]} Kh7 {[%emt 0:00:24]} 48. Be1 {[%emt 0:00:33]} Kg7 {[%emt 0:01:34]} 49. Kf4 {[%emt 0:00:45]} Bd8 {[%emt 0:01:52]} 50. Ke4 {[%emt 0:00:43]} hxg4 {[%emt 0:01:16]} 51. fxg4 {[%emt 0:00:09]} Be7 {[%emt 0:02:53]} 52. Bf2 {[%emt 0:01:06]} a5 {[%emt 0:01:04]} 53. Kf3 {[%emt 0:01:13]} Kh7 {[%emt 0:00:13]} 54. Kg3 {[%emt 0:00:29]} Kg7 {[%emt 0:00:10]} 55. Be3 {[%emt 0:00:09]} Kh7 {[%emt 0:00:16]} 56. Bg1 {[%emt 0:01:47]} Kg7 {[%emt 0:00:07]} 57. Bf2 {[%emt 0:00:15]} Kh7 {[%emt 0:00:09]} 58. h5 {[%emt 0:00:35]} g5 {[%emt 0:00:13]} 59. Kf3 {[%emt 0:00:17]} Kg7 {[%emt 0:00:08]} 60. Ke4 {[%emt 0:00:08]} Kh7 {[%emt 0:00:12]} 1/2-1/2

[Event "46th GRE-chT Premier 2018"]
[Site "Rio Achaia"]
[Date "2018.07.12"]
[Round "4"]
[White "Kanakaris, Georgios"]
[Black "Warakomski, Tomasz"]
[Result "0-1"]
[WhiteElo "2409"]
[BlackElo "2505"]
[Annotator "RC"]
[PlyCount "54"]
[EventDate "2018.07.10"]
[EventType "team-tourn"]
[EventCountry "GRE"]
[SourceTitle "playchess.com"]
[Source "ChessBase"]
[SourceQuality "1"]
[TimeControl "40/5400+30:1800+30"]

1. Nf3 {[%emt 0:00:00]} d5 {[%emt 0:00:00]} 2. c4 {[%emt 0:00:00]} d4 {[%emt 0:02:40]} 3. d3 {[%emt 0:02:14]} Nc6 {[%emt 0:03:38]} 4. g3 {[%emt 0:01:13]} e5 {[%emt 0:00:04]} 5. Bg2 {[%emt 0:00:09]} f6 {[%emt 0:05:46]} 6. O-O {[%emt 0:01:59]} Nge7 {[%emt 0:00:03]} 7. Nbd2 {[%emt 0:10:27]} Nf5 {[%emt 0:00:51]} 8. Ne4 {[%emt 0:03:49]} a5 {[%emt 0:04:54]} 9. e3 {[%emt 0:09:16]} Be7 {[%emt 0:03:38]} 10. h3 {[%emt 0:26:33]} h5 {[%emt 0:04:30]} 11. exd4 {[%emt 0:00:24]} Ncxd4 {[%emt 0:00:19]} 12. Nxd4 {[%emt 0:02:54]} Qxd4 {[%emt 0:00:05]} 13. Kh2 {[%emt 0:03:03]} Be6 {[%emt 0:03:14]} 14. f4 {[%emt 0:07:23]} O-O-O {[%emt 0:10:35]} 15. fxe5 {[%emt 0:04:53]} h4 {[%emt 0:01:14]} 16. Qf3 {[%emt 0:04:30]} Nxg3 {[%emt 0:04:26]} 17. Be3 {[%emt 0:01:23]} Nxf1+ {[%emt 0:02:51]} 18. Rxf1 {[%emt 0:00:04]} Qxb2 {[%emt 0:11:54]} 19. Nc3 {[%emt 0:02:49]} c6 {[%emt 0:02:39]} 20. Nb5 {[%emt 0:11:21]} Rxd3 {[%emt 0:22:16]} 21. Na7+ {[%emt 0:01:02]} Kc7 {[%emt 0:00:39]} 22. Nb5+ {[%emt 0:04:24]} Kd7 {[%emt 0:01:05]} 23. Rd1 {[%emt 0:00:04]} Qc2 {[%emt 0:02:53]} 24. Rxd3+ {[%emt 0:01:17]} Qxd3 {[%emt 0:00:04]} 25. Nd4 {[%emt 0:00:07]} Qxc4 {[%emt 0:00:47]} 26. exf6 {[%emt 0:00:15]} gxf6 {[%emt 0:01:21]} 27. Qd1 {[%emt 0:00:05]} Bd6+ {[%emt 0:01:17]} 0-1

[Event "46th GRE-chT Premier 2018"]
[Site "Rio Achaia"]
[Date "2018.07.12"]
[Round "4"]
[White "Prince, Bajaj"]
[Black "Boruchovsky, Avital"]
[Result "0-1"]
[WhiteElo "2404"]
[BlackElo "2558"]
[Annotator "TA"]
[PlyCount "124"]
[EventDate "2018.07.10"]
[EventType "team-tourn"]
[EventCountry "GRE"]
[SourceTitle "playchess.com"]
[Source "ChessBase"]
[SourceQuality "1"]

{[%evp 31,124,-19,-25,-5,0,0,13,27,33,27,29,34,95,-212,-249,-305,-306,-275,-250,-238,-237,-235,0,0,0,0,0,0,0,0,0,0,0,0,0,0,0,0,0,0,0,0,0,0,0,0,0,-129,-123,-133,-125,-397,-389,-378,-369,-431,-431,-396,-469,-310,-296,-288,0,-302,0,-286,-281,-344,-232,-228,-213,-193,0,-12834,-12835,-12834,-12835,-12835,-12834,-12837,-12836,-12838,-12839,-12839,-12840,-12841,-12842,-12842,-12843,-12843,-12841,-12841,-12842,-12842,-12843]} 1. e4 e5 2. Nf3 Nc6 3. Bb5 a6 4. Ba4 Nf6 5. O-O Be7 6. Re1 b5 7. Bb3 d6 8. c3 O-O 9. h3 Bb7 10. d4 Nd7 11. a4 Re8 12. Na3 exd4 13. cxd4 Bf6 14. Bf4 Na5 {[%cal Bc6a5,Ba5c4,Bc4b2][%mdl 32] C92: Closed Ruy Lopez: 9...Be6, Karpov and Flohr-Zaitsev Variations} 15. Bc2 b4 16. Nb1 c5 {LiveBook: 10 Games. The position is equal.} 17. Bxd6 (17. Nbd2 cxd4 18. Bxd6 Nc6 19. Nc4 Nde5 20. Bxe5 Nxe5 21. Ncxe5 Bxe5 {½-½ (42) Anand,V (2803)-Bruzon Batista,L (2652) Leon 2006 CBM 112 Extra [Estremera,S/Mellado,J]}) 17... Nc4 18. dxc5 Nxb2 19. Qe2 $146 ({Predecessor:} 19. Qd2 Nc4 20. Qxb4 Nxd6 21. cxd6 Bxa1 22. Qxb7 {0-1 (43) Haese,G-Hechler,G GER email 1999}) 19... Rc8 20. Nbd2 $1 Nxc5 21. e5 Bxe5 (21... g6 $14) 22. Nxe5 $4 {[%mdl 8192]} (22. Bxe5 $16 {is forced if you want to stay better. Strongly threatening Ne4.} Ncd3 23. Bxd3 Nxd3 24. Red1) 22... Qxd6 $19 23. Qh5 g6 24. Nxf7 Qxd2 ({Weaker is} 24... gxh5 25. Nxd6 Rxe1+ 26. Rxe1 $14) 25. Rxe8+ Rxe8 26. Qxc5 {[#]} Re1+ $2 (26... Qd5 $1 $19 {[%cal Rd5g2]} 27. Qxd5 Bxd5) 27. Rxe1 $11 Qxe1+ 28. Kh2 {White threatens Bb3 and mate.} Kxf7 29. Qc7+ Qe7 30. Bb3+ Kf8 31. Qf4+ Kg7 {Threatens to win with ...Nd3.} 32. Qd4+ Qf6 33. Qd7+ $1 Kh6 {White must now prevent ...Qf4+.} 34. Qxb7 Nd3 {aiming for ...Qf4+.} 35. Bg8 Qf4+ 36. Kh1 Nxf2+ 37. Kg1 Ne4 {Hoping for ...Qf2+.} 38. Qxh7+ Kg5 {And now ...Qf2+ would win.} 39. h4+ (39. Qe7+ $11 {remains equal.} Nf6 40. a5) 39... Qxh4 $17 40. Qe7+ Nf6 41. Bb3 $2 {[%mdl 8192]} (41. Qe5+ $17 {was necessary.} Kh6 42. Bf7) 41... Qd4+ $19 42. Kh2 a5 43. Bd1 Qc3 ({Not} 43... Qxd1 44. Qe5+ Kg4 45. Qe6+ Kh5 46. Qe5+ g5 47. Qxf6 $19) 44. g3 Qd2+ 45. Be2 Qd4 46. Bd1 Qd2+ 47. Be2 {Now Qc5+ and White clings on.} Qc3 48. Bd1 $1 Qd4 49. Bb3 Qf2+ 50. Kh3 Qf3 {[%cal Rf3h1]} 51. Kh2 Kg4 $2 ({Black should try} 51... Qxb3 $19 52. Qe5+ Kh6 53. Qxf6 Qc2+ 54. Kg1 Qc5+ 55. Kh2 Qd5) 52. Bd1 $2 {[%mdl 8192]} (52. Be6+ $11 Kh5 53. Qc5+ g5 54. Bf7+ Kh6 55. Qf8+ Kh7 {[#]} 56. Bg8+ $1 {[%mdl 512]} Kg6 57. Qf7+ Kh6 58. Qf8+ Kg6 59. Qf7+ Kh6 60. Qf8+ Kg6) 52... Qxd1 {Black is clearly winning.} 53. Qe6+ Kf3 54. Qxf6+ {[%mdl 4096] Endgame KQ-KQ} Ke3 55. Qe5+ Kd3 {( -> ...Qe2+)} 56. Qxa5 b3 {[%cal Bb4b3,Bb3b2][%mdl 32]} 57. Qd5+ Kc2 58. Qe4+ Kc1 59. Kh3 b2 60. Qc4+ Qc2 61. Qf1+ Kd2 62. Qf2+ Kc3 {Precision: White = 54%, Black = 56%.} 0-1